<?xml version="1.0" encoding="UTF-8"?>
<record
    xmlns:xsi="http://www.w3.org/2001/XMLSchema-instance"
    xsi:schemaLocation="http://www.loc.gov/MARC21/slim http://www.loc.gov/standards/marcxml/schema/MARC21slim.xsd"
    xmlns="http://www.loc.gov/MARC21/slim">

  <leader>00531nam a2200193   4500</leader>
  <controlfield tag="003">SEACOMEC</controlfield>
  <controlfield tag="005">20240404153419.0</controlfield>
  <controlfield tag="008">231006b        |||||||| |||| 00| 0 eng d</controlfield>
  <datafield tag="020" ind1=" " ind2=" ">
    <subfield code="c">Rs. 150.00</subfield>
  </datafield>
  <datafield tag="040" ind1=" " ind2=" ">
    <subfield code="a">SEACOMEC</subfield>
  </datafield>
  <datafield tag="082" ind1=" " ind2=" ">
    <subfield code="a">006.32</subfield>
    <subfield code="b">S624</subfield>
  </datafield>
  <datafield tag="100" ind1="1" ind2=" ">
    <subfield code="a">Sivanandam, S.N.</subfield>
  </datafield>
  <datafield tag="245" ind1="1" ind2=" ">
    <subfield code="a">Introduction to Artificial Neural Network</subfield>
    <subfield code="c">S.N. Sivanandam and M. Palulraj</subfield>
  </datafield>
  <datafield tag="260" ind1=" " ind2=" ">
    <subfield code="a">New Delhi</subfield>
    <subfield code="b">Vikas</subfield>
    <subfield code="c">2005</subfield>
  </datafield>
  <datafield tag="650" ind1=" " ind2=" ">
    <subfield code="a">Special computer methods</subfield>
  </datafield>
  <datafield tag="650" ind1=" " ind2=" ">
    <subfield code="a">Artificial intelligence</subfield>
  </datafield>
  <datafield tag="700" ind1="1" ind2=" ">
    <subfield code="a">Palulraj, M.  </subfield>
  </datafield>
  <datafield tag="942" ind1=" " ind2=" ">
    <subfield code="c">BOOK</subfield>
  </datafield>
  <datafield tag="952" ind1=" " ind2=" ">
    <subfield code="0">0</subfield>
    <subfield code="1">0</subfield>
    <subfield code="2">ddc</subfield>
    <subfield code="4">0</subfield>
    <subfield code="7">0</subfield>
    <subfield code="a">SEACOMEC</subfield>
    <subfield code="b">SEACOMEC</subfield>
    <subfield code="d">2024-04-04</subfield>
    <subfield code="l">0</subfield>
    <subfield code="o">006.32 S624</subfield>
    <subfield code="p">4910</subfield>
    <subfield code="r">2024-04-04 15:35:15</subfield>
    <subfield code="w">2024-04-04</subfield>
    <subfield code="y">BOOK</subfield>
  </datafield>
  <datafield tag="952" ind1=" " ind2=" ">
    <subfield code="0">0</subfield>
    <subfield code="1">0</subfield>
    <subfield code="2">ddc</subfield>
    <subfield code="4">0</subfield>
    <subfield code="7">0</subfield>
    <subfield code="a">SEACOMEC</subfield>
    <subfield code="b">SEACOMEC</subfield>
    <subfield code="d">2024-04-04</subfield>
    <subfield code="l">0</subfield>
    <subfield code="o">006.32 S624</subfield>
    <subfield code="p">4911</subfield>
    <subfield code="r">2024-04-04 15:35:37</subfield>
    <subfield code="t">1</subfield>
    <subfield code="w">2024-04-04</subfield>
    <subfield code="y">BOOK</subfield>
  </datafield>
  <datafield tag="952" ind1=" " ind2=" ">
    <subfield code="0">0</subfield>
    <subfield code="1">0</subfield>
    <subfield code="2">ddc</subfield>
    <subfield code="4">0</subfield>
    <subfield code="7">0</subfield>
    <subfield code="a">SEACOMEC</subfield>
    <subfield code="b">SEACOMEC</subfield>
    <subfield code="d">2024-04-04</subfield>
    <subfield code="l">0</subfield>
    <subfield code="o">006.32 S624</subfield>
    <subfield code="p">4912</subfield>
    <subfield code="r">2024-04-04 15:35:37</subfield>
    <subfield code="t">2</subfield>
    <subfield code="w">2024-04-04</subfield>
    <subfield code="y">BOOK</subfield>
  </datafield>
  <datafield tag="952" ind1=" " ind2=" ">
    <subfield code="0">0</subfield>
    <subfield code="1">0</subfield>
    <subfield code="2">ddc</subfield>
    <subfield code="4">0</subfield>
    <subfield code="7">0</subfield>
    <subfield code="a">SEACOMEC</subfield>
    <subfield code="b">SEACOMEC</subfield>
    <subfield code="d">2024-04-04</subfield>
    <subfield code="l">0</subfield>
    <subfield code="o">006.32 S624</subfield>
    <subfield code="p">4913</subfield>
    <subfield code="r">2024-04-04 15:35:37</subfield>
    <subfield code="t">3</subfield>
    <subfield code="w">2024-04-04</subfield>
    <subfield code="y">BOOK</subfield>
  </datafield>
  <datafield tag="952" ind1=" " ind2=" ">
    <subfield code="0">0</subfield>
    <subfield code="1">0</subfield>
    <subfield code="2">ddc</subfield>
    <subfield code="4">0</subfield>
    <subfield code="7">0</subfield>
    <subfield code="a">SEACOMEC</subfield>
    <subfield code="b">SEACOMEC</subfield>
    <subfield code="d">2024-04-04</subfield>
    <subfield code="l">0</subfield>
    <subfield code="o">006.32 S624</subfield>
    <subfield code="p">4914</subfield>
    <subfield code="r">2024-04-04 15:35:37</subfield>
    <subfield code="t">4</subfield>
    <subfield code="w">2024-04-04</subfield>
    <subfield code="y">BOOK</subfield>
  </datafield>
  <datafield tag="999" ind1=" " ind2=" ">
    <subfield code="c">117</subfield>
    <subfield code="d">117</subfield>
  </datafield>
</record>
